Štefan I. (975?-1038) prvý uhorský kráľ

Bibliographic Details
Other Authors: Koleková, Mária (Compiler)
Format: Book
Language:Slovak
PhysicalDescription:8 s. 21cm
Published: Považská Bystrica Považská knižnica 2007
ISBN:(brož.)
Edition:[1. vyd.]
Subjects:

MARC

LEADER 00000nam a2200000 a 4500
001 vtls009181373
003 SK-MaSNL
005 20260331205025.0
008 170412s2007 xo a r 000 0 slo
015 |a SNBE2009/01-00069 
020 |a (brož.) 
035 |a B8D0AAB8-CCB3-4362-BF56-5E7574063A5D 
035 |a urn:nbn:sk:snk-amjes0 
035 |a urn:nbn:sk:snk-am002nyq 
040 |a SNK  |b slo  |c SNK  |e AACR2 
041 0 |a slo 
044 |a xo  |c SK 
072 7 |a 93/94  |x Dejiny  |2 konspekt 
080 |a 94(439.2)  |x (041)  |x (085.5)  |2 2001 
080 |a 929 Štefan I., sv.  |2 2001 
100 1 |a Koleková, Mária  |4 com  |9 294904 
245 1 0 |a Štefan I. (975?-1038)  |b prvý uhorský kráľ  |c zostavila: Mária Koleková ; zodp. red.: Viera Baničová ; grafická úprava: Juraj Kolek 
250 |a [1. vyd.] 
260 |a Považská Bystrica  |b Považská knižnica  |c 2007 
300 |a 8 s.  |c 21cm 
504 |a Lit. 
600 0 7 |a Štefan  |b I.,  |c uhorský kráľ,  |d asi 975-1038  |2 SNKMA  |9 342561 
655 7 |a bibliografické letáky  |2 SNKPH  |9 74589 
655 7 |a prospekty  |2 SNKPH  |9 62175 
700 1 |a Baničová, Viera,  |d 1951-  |4 lso  |9 195222 
700 1 |a Kolek, Juraj  |4 bkd  |9 279127 
710 2 |a Považská knižnica v Považskej Bystrici  |4 pbl  |9 132266 
999 |c 587821  |d 589751 
952 |a SNK  |b SNK  |y PREZ  |7 0  |p 17A0578713  |o snkOSC 24198  |i snk2008/2959  |8 0  |0 0  |1 0  |4 0  |d 2008-02-06  |f 1  |l 0  |r 2026-02-23 15:14:40  |w 2026-02-23